Manual de derecho constitucional (Registro nro. 783)

Detalles MARC
000 -LEADER
fixed length control field 01555 a2200253 4500
001 - CONTROL NUMBER
control field 21208
005 - DATE AND TIME OF LATEST TRANSACTION
control field 20260407155503.0
008 - FIXED-LENGTH DATA ELEMENTS--GENERAL INFORMATION
fixed length control field 260407a2011 arg spa d
003 - CONTROL NUMBER IDENTIFIER
control field AR-UNSa-BCEJYS
040 ## - CATALOGING SOURCE
Original cataloging agency AR-UNSa-BCEJYS
Language of cataloging spa
Transcribing agency AR-UNSa-BCEJYS
080 ## - UNIVERSAL DECIMAL CLASSIFICATION NUMBER
Universal Decimal Classification number 342
Common auxiliary subdivision Derecho constitucional (Derecho Público)
020 ## - INTERNATIONAL STANDARD BOOK NUMBER
International Standard Book Number 978-987-551-193-4
100 1# - MAIN ENTRY--PERSONAL NAME
Personal name Haro, Ricardo
245 10 - TITLE STATEMENT
Title Manual de derecho constitucional
264 #1 - PRODUCTION, PUBLICATION, DISTRIBUTION, MANUFACTURE, AND COPYRIGHT NOTICE
Place of production, publication, distribution, manufacture Córdoba :
Name of producer, publisher, distributor, manufacturer Advocatus
Date of production, publication, distribution, manufacture, or copyright notice 2011
300 ## - PHYSICAL DESCRIPTION
Extent 617 p.
Dimensions 22 cm.
505 ## - FORMATTED CONTENTS NOTE
Formatted contents note 1. El constitucionalismo. El derecho constitucional - 2. La Constitución - 3. Antecedentes históricos. Reforma constitucional - 4. La Constitución Argentina - 5. Supremacía constitucional - 6. El estado federal argentino I - 7. El estado federal argentino II - 8. Derecho constitucional y relaciones internacionales - 9. Declaraciones, derecho y garantías - 10. Derechos constitucionales - 11. Derechos constitucionales - 12. Derechos constitucionales - 13. Los nuevos derechos en la Constitución - 14. Garantías constitucionales - 15. Limitaciones a los derechos y garantías - 16. La forma de gobierno en la Constitución - 17. El poder legislativo - 18. El Poder Ejecutivo - 19. El Poder Judicial - 20. El Poder Judicial II
590 ## - LOCAL NOTE (RLIN)
Local note niveau_biblio:m niveau_hierar:0
700 1# - ADDED ENTRY--PERSONAL NAME
Personal name Cantaberta, María José
700 1# - ADDED ENTRY--PERSONAL NAME
Personal name Juárez Centeno, Carlos
700 1# - ADDED ENTRY--PERSONAL NAME
Personal name Zanatta, Hugo
856 41 - ELECTRONIC LOCATION AND ACCESS
Uniform Resource Identifier <a href="https://biblioeco.unsa.edu.ar/pmb/images/libros/Manual de Derecho Constitucional(ricardo haro).jpg">https://biblioeco.unsa.edu.ar/pmb/images/libros/Manual de Derecho Constitucional(ricardo haro).jpg</a>
Link text Imagen de portada
Electronic format type image/jpeg
942 ## - ADDED ENTRY ELEMENTS (KOHA)
Koha item type
Existencias
Withdrawn status Lost status Damaged status Not for loan Home library Current library Shelving location Date acquired Total checkouts Full call number Barcode Date last seen Price effective from Koha item type Public note
        Biblioteca Prof. Eusebio Cleto del Rey Biblioteca Prof. Eusebio Cleto del Rey   07/04/2026   342 H292 L119256 07/04/2026 07/04/2026 Libro CANTO SUCIO - MANCHADO COLOR ROSA
        Biblioteca Prof. Eusebio Cleto del Rey Biblioteca Prof. Eusebio Cleto del Rey   07/04/2026   342 H292 L119310 07/04/2026 07/04/2026 Libro POCO HÚMEDO PRIMERAS HOJAS Y CANTO SUPERIOR
        Biblioteca Prof. Eusebio Cleto del Rey Biblioteca Prof. Eusebio Cleto del Rey   07/04/2026   342 H292 L119309 07/04/2026 07/04/2026 Libro ALGUNAS HOJAS MANCHADAS (PÁG 23) - LÁPIZ - CANTOS UN POCO SUCIOS
        Biblioteca Prof. Eusebio Cleto del Rey Biblioteca Prof. Eusebio Cleto del Rey   07/04/2026   342 H292 L119308 07/04/2026 07/04/2026 Libro CANTO SUCIO - HOJAS MANCHADAS - PÁG. 43 SUCIA
        Biblioteca Prof. Eusebio Cleto del Rey Biblioteca Prof. Eusebio Cleto del Rey   07/04/2026   342 H292 L119312 07/04/2026 07/04/2026 Libro MANCHADO - CANTOS SUCIOS
        Biblioteca Prof. Eusebio Cleto del Rey Biblioteca Prof. Eusebio Cleto del Rey   07/04/2026   342 H292 L119311 07/04/2026 07/04/2026 Libro TAPA UN POCO DESPEGADA - MANCHADO - LÁPIZ - CANTO MANCHADO
        Biblioteca Prof. Eusebio Cleto del Rey Biblioteca Prof. Eusebio Cleto del Rey   07/04/2026   342 H292 L119314 07/04/2026 07/04/2026 Libro ESCRITO CON LÁPIZ - ÚLTIMA HOJA MANCHADA - CANTOS SUCIOS
        Biblioteca Prof. Eusebio Cleto del Rey Biblioteca Prof. Eusebio Cleto del Rey   07/04/2026   342 H292 L119315 07/04/2026 07/04/2026 Libro RAYADO ÚLTIMAS HOJAS - PÁG. MANCHADAS - LAPICERA
        Biblioteca Prof. Eusebio Cleto del Rey Biblioteca Prof. Eusebio Cleto del Rey   07/04/2026   342 H292 L119313 07/04/2026 07/04/2026 Libro HÚMEDO EN ESQUINA SUPERIOR DERECHA - CANTO LATERAL E INFERIOR MANCHADOS